Law of contract / (Record no. 12285)
[ view plain ]
| 000 -LEADER | |
|---|---|
| fixed length control field | 00766nam a22002292 4500 |
| 001 - CONTROL NUMBER | |
| control field | 0000025501 |
| 005 - DATE AND TIME OF LATEST TRANSACTION | |
| control field | 20151217155247.0 |
| 008 - FIXED-LENGTH DATA ELEMENTS--GENERAL INFORMATION | |
| fixed length control field | 151006s xx 000 0 eng d |
| 020 ## - INTERNATIONAL STANDARD BOOK NUMBER | |
| International Standard Book Number | 0273634348 : |
| 040 ## - CATALOGING SOURCE | |
| Original cataloging agency | KABU |
| Transcribing agency | KABU |
| 100 1# - MAIN ENTRY--PERSONAL NAME | |
| Personal name | Major, WT. |
| -- | 0000186177 |
| 245 10 - TITLE STATEMENT | |
| Title | Law of contract / |
| Statement of responsibility, etc. | WT Major, Christine Taylor. |
| 250 ## - EDITION STATEMENT | |
| Edition statement | 9th ed. |
| 260 ## - PUBLICATION, DISTRIBUTION, ETC. (IMPRINT) | |
| Place of publication, distribution, etc. | Harlow Essex, England : |
| Name of publisher, distributor, etc. | Pearson Education Limited, |
| Date of publication, distribution, etc. | 1996. |
| 300 ## - PHYSICAL DESCRIPTION | |
| Extent | xx, 299 p. |
| 650 #0 - SUBJECT ADDED ENTRY--TOPICAL TERM | |
| Topical term or geographic name as entry element | Contracts |
| Form subdivision | Outlines, syllabi, etc. |
| Geographic subdivision | Great Britain. |
| -- | 0000186178 |
| 650 #0 - SUBJECT ADDED ENTRY--TOPICAL TERM | |
| Topical term or geographic name as entry element | Contracts |
| General subdivision | Problems, exercises, etc |
| Geographic subdivision | Great Britain. |
| -- | 0000181279 |
| 700 1# - ADDED ENTRY--PERSONAL NAME | |
| Personal name | Taylor, Christine. |
| -- | 0000186179 |
| 852 1# - LOCATION | |
| -- | p11500 KES |
| 908 ## - PUT COMMAND PARAMETER (RLIN) | |
| Put command parameter | 151006 |
| 950 ## - LOCAL HOLDINGS (RLIN) | |
| -- | 1 |
| Withdrawn status | Lost status | Source of classification or shelving scheme | Not for loan | Home library | Current library | Date acquired | Total Checkouts | Total Renewals | Full call number | Barcode | Date last seen | Date last checked out | Price effective from | Koha item type | Cost, normal purchase price | Copy number |
|---|---|---|---|---|---|---|---|---|---|---|---|---|---|---|---|---|
| Library of Congress Classification | Kabarak, Main Campus | Kabarak, Main Campus | 17/12/2015 | 35 | 4 | KD1554 .Z9M35 1996 c. 1 | 020377 | 17/03/2026 | 20/11/2025 | 17/12/2015 | General Collection | |||||
| Library of Congress Classification | Kabarak, Main Campus | Kabarak, Main Campus | 17/12/2015 | 12 | 4 | KD1554 .Z9M35 1996 c. 2 | 028312 | 26/10/2024 | 23/09/2024 | 17/12/2015 | General Collection | 5229.00 | c. 2 | |||
| Library of Congress Classification | Kabarak, Main Campus | Kabarak, Main Campus | 17/12/2015 | 13 | 1 | KD1554 .Z9M35 1996 c. 3 | 028313 | 10/12/2025 | 24/11/2025 | 17/12/2015 | General Collection | 5229.00 | c. 3 |